Statistics for Five Most Urban Countries by Continent

Click here to take the quiz!

General Stats

  • This quiz has been taken 77 times
    (72 since last reset)
  • The average score is 17 of 30

Answer Stats

PercentageCityCountryContinent% Correct
100%MonacoMonacoEurope
91%
100%SingaporeSingaporeAsia
88%
100%Vatican CityVatican CityEurope
87%
41%ParamariboSurinameSouth America
78%
26%GeorgetownGuyanaSouth America
76%
49%MontevideoUruguaySouth America
75%
27%SantiagoChileSouth America
75%
85%DohaQatarAsia
70%
28%LimaPeruSouth America
67%
42%South TarawaKiribatiOceania
66%
29%AucklandNew ZealandOceania
64%
54%Kuwait CityKuwaitAsia
63%
55%KororPalauOceania
60%
46%KingstonJamaicaNorth America
58%
30%St. George'sGrenadaNorth America
57%
52%DjiboutiDjiboutiAfrica
57%
71%NassauBahamasNorth America
57%
38%BridgetownBarbadosNorth America
57%
54%FunafutiTuvaluOceania
55%
39%CastriesSaint LuciaNorth America
52%
50%MajuroMarshall IslandsOceania
51%
36%ReykjavikIcelandEurope
40%
33%TallinnEstoniaEurope
37%
58%MaléMaldivesAsia
37%
34%São ToméSão Tomé and PríncipeAfrica
34%
33%RigaLatviaEurope
33%
44%UlaanbaatarMongoliaAsia
21%
31%BissauGuinea-BissauAfrica
19%
32%LibrevilleGabonAfrica
16%
42%BrazzavilleCongoAfrica
16%

Score Distribution

Percentile by Number Answered

Percent of People with Each Score

Your Score History

You have not taken this quiz since the last reset